000 00666nam a2200277Ia 4500
005 20260324124603.0
008 008 260324s9999 xx 000 0 eng d
020 _a9781315249957
037 _aEBOOK
040 _aCRL
040 _beng
040 _cCRL
041 _2eng
041 _aeng
084 _qCRL
100 _aClare Rose
_91174731
245 0 _aMaking, Selling and Wearing Boys' Clothes in Late-Victorian England
260 _bTaylor and Francis
260 _c2010
365 _a
365 _b255
856 _uhttp://www.taylorfrancis.com/books/9781315249957
942 _cEBOOK
999 _c1769234
_d1769234